L'Institut torna a casa : recull de premsa escrita al voltant del retorn de l'Institut d'Estudis Catalans als seus antics locals de la Casa de Convalescència recull de premsa escrita al voltant del retorn de l'Institut d'Estudis Catalans als seus antics locals de la Casa de Convalescència
Descripción Física:
[30] f. ; 32 cm
MARC
| LEADER | 00000nam a2200000Ia 4500 | ||
|---|---|---|---|
| 001 | 8884 | ||
| 008 | 160829s1982 xx 000 0 cat d | ||
| 080 | |a FU-29-21 | ||
| 245 | |a L'Institut torna a casa : |b recull de premsa escrita al voltant del retorn de l'Institut d'Estudis Catalans als seus antics locals de la Casa de Convalescència | ||
| 260 | |a Barcelona : |b Diputació de Barcelona, Servei de Premsa, |c 1982 | ||
| 300 | |a [30] f. ; |c 32 cm | ||
| 650 | |a Institut d'Estudis Catalans |x Reculls de premsa |9 39741 | ||
| 710 | 1 | |a Barcelona (Catalunya : Província). |b Servei de Premsa |9 54967 | |
| 901 | |a Arxiu | ||
| 942 | |n 1 | ||
| 952 | |0 0 |1 0 |4 0 |6 FU2921 |7 1 |9 49190 |a Arxiu |b Arxiu |d 2016-12-01 |l 0 |o FU-29-21 |p 8884 |r 2016-12-01 00:00:00 |w 2016-12-01 |y ARXIU | ||
| 999 | |c 53030 |d 53030 | ||